Podrobnosti MARC
| 000 -Návěští |
| Řídící pole kódované 24B |
02073nam a2200589 i 4500 |
| 001 - Kontrolní číslo |
| Řídící pole proměnné |
nkc20223423386 |
| 003 - Identifikátor kontrolního čísla |
| Řídící pole proměnné |
CZ PrSKC |
| 005 - Datum posledního zpracování |
| Řídící pole 16B |
20241204083021.0 |
| 007 - Pole pevné délky pro fyzický popis |
| Řídící pole kódované |
ta |
| 008 - Údaje pevné délky |
| Řídící pole kódované 40B |
220525s2022 xr e 000 0 cze |
| 020 ## - ISBN |
| ISBN |
9788073357870 |
| 040 ## - Zdroj katalogizace-agentura |
| Agentura původní katalogizace |
BOA001 |
| Jazyk katalogizace |
cze |
| Použitá pravidla popisu |
rda |
| 041 1# - Kód jazyka |
| Kód jazyka textu/zvuku, mezititulků |
cze |
| Kód jazyka originálu |
eng |
| 072 #7 - Kód předmětové kategorie - Konspekt |
| Předmětová kategorie |
321 |
| Zpřesnění předmětové kategorie |
Politologie |
| Zdroj předmětové klasifikace |
Konspekt |
| 080 ## - MDT |
| Klasifikační znak MDT |
316.72/.75(1-15) |
| Idetifikátor vydání MDT |
MRF |
| 080 ## - MDT |
| Klasifikační znak MDT |
316.752 |
| Idetifikátor vydání MDT |
MRF |
| 080 ## - MDT |
| Klasifikační znak MDT |
329.11 |
| Idetifikátor vydání MDT |
MRF |
| 080 ## - MDT |
| Klasifikační znak MDT |
316.72 |
| Idetifikátor vydání MDT |
MRF |
| 080 ## - MDT |
| Klasifikační znak MDT |
32:316.344.8 |
| Idetifikátor vydání MDT |
MRF |
| 080 ## - MDT |
| Klasifikační znak MDT |
323 |
| Idetifikátor vydání MDT |
MRF |
| 080 ## - MDT |
| Klasifikační znak MDT |
(0:82-4) |
| Idetifikátor vydání MDT |
MRF |
| 080 ## - MDT |
| Klasifikační znak MDT |
(082.21) |
| Idetifikátor vydání MDT |
MRF |
| 100 1# - Hlavní záhlaví - osobní jméno autora |
| Osobní jméno |
Scruton, Roger, |
| Datumy související se jménem |
1944-2020 |
| Kód role |
aut |
| 9 (RLIN) |
18799 |
| 240 10 - Unifikovaný název |
| Unifikovaný název |
<a href="Confessions of a heretic.">Confessions of a heretic.</a> |
| Jazyk díla |
Česky |
| 245 10 - Údaje o názvu |
| Název |
Kacířova zpověď / |
| Údaj o odpovědností, atd. |
Roger Scruton ; přeložil Alexander Tomský |
| 250 ## - Údaje o vydání |
| Označení vydání |
V českém jazyce vydání první |
| 264 #1 - Nakladatelské údaje |
| Místo vydání |
Voznice : |
| Nakladatel |
Leda, |
| Rok vydání |
2022 |
| 300 ## - Fyzický popis |
| Rozsah |
197 stran ; |
| Rozměry |
21 cm |
| 490 1# - Údaje o edici |
| Údaje o edici |
Agora |
| 500 ## - Všeobecná poznámka |
| Text obecné poznámky |
Přeloženo z angličtiny |
| 504 ## - Poznámka o bibliografii |
| Text poznámky o bibliografii,atd |
Obsahuje bibliografické odkazy |
| 520 2# - Anotace |
| Anotace, atd. |
Eseje rozebírají aktuální společenské a politické problémy (obrana západní civilizace, ochrana přírody, význam národních států, vztahy mezi zvířaty a lidmi, využívání moderních technologií v mezilidské komunikaci atd.). |
| 650 07 - Vedlejší věcné záhlaví - věcné téma |
| Věcné téma |
západní civilizace |
| Zdroj záhlaví nebo termínu |
czenas |
| 650 07 - Vedlejší věcné záhlaví - věcné téma |
| Věcné téma |
hodnotová orientace |
| Zdroj záhlaví nebo termínu |
czenas |
| 9 (RLIN) |
1694 |
| 650 07 - Vedlejší věcné záhlaví - věcné téma |
| Věcné téma |
konzervatismus |
| Zdroj záhlaví nebo termínu |
czenas |
| 9 (RLIN) |
11042 |
| 650 07 - Vedlejší věcné záhlaví - věcné téma |
| Věcné téma |
kulturní identita |
| Zdroj záhlaví nebo termínu |
czenas |
| 9 (RLIN) |
18800 |
| 650 07 - Vedlejší věcné záhlaví - věcné téma |
| Věcné téma |
politická identita |
| Zdroj záhlaví nebo termínu |
czenas |
| 9 (RLIN) |
18801 |
| 650 07 - Vedlejší věcné záhlaví - věcné téma |
| Věcné téma |
společnost a politika |
| Zdroj záhlaví nebo termínu |
czenas |
| 9 (RLIN) |
13208 |
| 650 09 - Vedlejší věcné záhlaví - věcné téma |
| Věcné téma |
western civilization |
| Zdroj záhlaví nebo termínu |
eczenas |
| 650 09 - Vedlejší věcné záhlaví - věcné téma |
| Věcné téma |
value orientation |
| Zdroj záhlaví nebo termínu |
eczenas |
| 9 (RLIN) |
1698 |
| 650 09 - Vedlejší věcné záhlaví - věcné téma |
| Věcné téma |
conservatism |
| Zdroj záhlaví nebo termínu |
eczenas |
| 9 (RLIN) |
11045 |
| 650 09 - Vedlejší věcné záhlaví - věcné téma |
| Věcné téma |
cultural identity |
| Zdroj záhlaví nebo termínu |
eczenas |
| 9 (RLIN) |
18802 |
| 650 09 - Vedlejší věcné záhlaví - věcné téma |
| Věcné téma |
political identity |
| Zdroj záhlaví nebo termínu |
eczenas |
| 9 (RLIN) |
18803 |
| 650 09 - Vedlejší věcné záhlaví - věcné téma |
| Věcné téma |
society and politics |
| Zdroj záhlaví nebo termínu |
eczenas |
| 9 (RLIN) |
13212 |
| 655 #7 - Rejstříkový termín - žánr/forma |
| Žánr/forma či základní termín |
eseje |
| -- |
284 |
| 655 #7 - Rejstříkový termín - žánr/forma |
| Žánr/forma či základní termín |
výbory |
| -- |
925 |
| 655 #9 - Rejstříkový termín - žánr/forma |
| Žánr/forma či základní termín |
essays |
| -- |
77 |
| 655 #9 - Rejstříkový termín - žánr/forma |
| Žánr/forma či základní termín |
selected works |
| -- |
928 |
| 700 1# - Vedlejší záhlaví - osobní jméno autora |
| Osobní jméno |
Tomský, Alexander, |
| Datumy související se jménem |
1947- |
| Kód role |
trl |
| 9 (RLIN) |
18804 |
| 910 ## - Údaje o vlastníkovi jednotky (exempláře) |
| Sigla vlastníka jednotky |
ABG508 |